The journal of Economic perspectives A journal of the American Economic Association.
The Journal of Economic Perspectives fills a gap between the general interest press and most academic economics journals. It offers policymakers, educators, students, and economic practitioners well-written and well-chosen analytical essays that focus the lens of economic reasoning on topics across...
Shranjeno v:
| Format: | Knjiga |
|---|---|
| Jezik: | Undetermined |
| Izdano: |
Nashville
American Economic Association
1999
|
| Teme: | |
| Oznake: |
Označite
Brez oznak, prvi označite!
|
| Thư viện lưu trữ: | Trung tâm Học liệu Trường Đại học Cần Thơ |
|---|
| LEADER | 01360nam a2200181Ia 4500 | ||
|---|---|---|---|
| 001 | CTU_181457 | ||
| 008 | 210402s9999 xx 000 0 und d | ||
| 082 | |a 330.05 | ||
| 082 | |b J86 | ||
| 245 | 4 | |a The journal of Economic perspectives | |
| 245 | 2 | |b A journal of the American Economic Association. | |
| 260 | |a Nashville | ||
| 260 | |b American Economic Association | ||
| 260 | |c 1999 | ||
| 520 | |a The Journal of Economic Perspectives fills a gap between the general interest press and most academic economics journals. It offers policymakers, educators, students, and economic practitioners well-written and well-chosen analytical essays that focus the lens of economic reasoning on topics across the social sciences. It draws attention to newly important topics, not yet covered in the referred journals; informs and shapes the debate on public issues; provides readings for classroom use; and addresses matters relating to the economics profession. Most papers are solicited, from experts in the field. This journal--the most accessible of all seven American Economic Association academic journals--exposes the power, utility, and beauty of clear economic insight. | ||
| 650 | |a Regional economics,Economic development,Kinh tế khu vực,Sự phát triển kinh tế | ||
| 904 | |i Thy | ||
| 980 | |a Trung tâm Học liệu Trường Đại học Cần Thơ | ||